Effect of ga3 and potassium on growth and yield of cabbage (brassica oleracea var. capitata l.) / (Record no. 9022)

MARC details
000 -LEADER
fixed length control field 01170nam a22002777a 4500
001 - CONTROL NUMBER
control field BD-DhSAU 9022
003 - CONTROL NUMBER IDENTIFIER
control field BD-DhSAU
005 - DATE AND TIME OF LATEST TRANSACTION
control field 20181224110306.0
008 - FIXED-LENGTH DATA ELEMENTS--GENERAL INFORMATION
fixed length control field 150612b2008 bg a||||r|||| 000 0 eng d
040 ## - CATALOGING SOURCE
Original cataloging agency BD-DhSAU
082 ## - DEWEY DECIMAL CLASSIFICATION NUMBER
Edition number 22
Classification number 635
Item number M873
100 ## - MAIN ENTRY--PERSONAL NAME
Personal name Moyazzama, Kamrum
Relator term Registration No. # 07-02611
245 ## - TITLE STATEMENT
Title Effect of ga3 and potassium on growth and yield of cabbage (brassica oleracea var. capitata l.) /
Remainder of title MS thesis
Statement of responsibility, etc. by Kamrum Moyazzama
260 ## - PUBLICATION, DISTRIBUTION, ETC. (IMPRINT)
Place of publication, distribution, etc. Sher-e- Bangla Agricultural University :
Name of publisher, distributor, etc. Department of Horticulture and Postharvest Technology,
Date of publication, distribution, etc. 2008.
300 ## - PHYSICAL DESCRIPTION
Extent ix, 73 p. :
Other physical details ill. ,
Dimensions 30 cm.
500 ## - GENERAL NOTE
General note MS thesis of Department of Horticulture and Postharvest Technology, Faculty of Agriculture, Sher-e-Bangla Agricultural University, Dhaka, Bangladesh <br/>
590 ## - Name of Cataloguer
Name of Cataloger joy
650 ## - SUBJECT ADDED ENTRY--TOPICAL TERM
Topical term or geographic name as entry element Horticulture
650 ## - SUBJECT ADDED ENTRY--TOPICAL TERM
Topical term or geographic name as entry element Postharvest Technology
650 ## - SUBJECT ADDED ENTRY--TOPICAL TERM
Topical term or geographic name as entry element brassica oleracea var. capitata l.
650 ## - SUBJECT ADDED ENTRY--TOPICAL TERM
Topical term or geographic name as entry element Cabbage
General subdivision GA3
700 ## - ADDED ENTRY--PERSONAL NAME
Personal name Akand, Md. Hassanuzzaman
Relator term Supervisor
700 ## - ADDED ENTRY--PERSONAL NAME
Personal name Hossain, Ismail
Relator term Co-Supervisor
856 ## - ELECTRONIC LOCATION AND ACCESS
Link text Online Access
Uniform Resource Identifier <a href="http://archive.saulibrary.edu.bd:8080/xmlui/handle/123456789/972">http://archive.saulibrary.edu.bd:8080/xmlui/handle/123456789/972</a>
942 ## - ADDED ENTRY ELEMENTS (KOHA)
Source of classification or shelving scheme Dewey Decimal Classification
Koha item type MS Level Thesis
Holdings
Withdrawn status Lost status Source of classification or shelving scheme Damaged status Not for loan Collection code Home library Branch Name Shelving location Date acquired Total Checkouts Full call number Barcode Date last seen Price effective from Koha item type
    Dewey Decimal Classification   Not For Loan Reference SAU Library SAU Library Reference 18/06/2015   635 M873 37220 18/06/2015 18/06/2015 MS Level Thesis